Представление документа в формате RUSMARC

ПолеНазваниеЗначение
  Тип записи a
  Библиографический уровень c
001 Контрольный номер RU/IS/BASE/276688875
005 Дата корректировки 20201206204611.3
010 Индекс ISBN __
a ISBN 978-5-7598-0501-4
d Цена 211-96
101 Язык документа __
a Язык текста rus
c Язык оригинала rus
200 Заглавие и сведения об ответственности __
a Заглавие Либеральная идея и практика образования
e Сведения, относящиеся к заглавию сб. науч. и публицист. работ
f Первые сведения об ответственности А. А. Пинский
b Общее обозначение материала Текст
210 Выходные данные __
a Место издания М.
c Издательство ГУ ВШЭ
d Дата издания 2007
215 Физическое описание __
a Объем 667 с.
327 Примечание о содержании __
a Примечание о содержании Философия образования
327 Примечание о содержании __
a Примечание о содержании Очерки образовательной реформы
327 Примечание о содержании __
a Примечание о содержании Реформа школы
327 Примечание о содержании __
a Примечание о содержании Профильное обучение
327 Примечание о содержании __
a Примечание о содержании Школа и деньги. Дополнительные платные услуги школы
327 Примечание о содержании __
a Примечание о содержании Образовательный стандарт
327 Примечание о содержании __
a Примечание о содержании Общественное управление
327 Примечание о содержании __
a Примечание о содержании Новая организационно-правовая форма
327 Примечание о содержании __
a Примечание о содержании Уроки Пинского (послесловие) / И. Д. Фрумин
330 Аннотация __
a Аннотация Объединены научные и публицистические работы реформатора образования А. А. Пинского, в которых рассматриваются философские, социально-культурные, и организационно-экономические аспекты реформы образования. В основе представленных работ лежит либеральная образовательная идея.
600 Персоналии __
a Персоналии (Фамилия) Пинский, А. А.
606 Тематические рубрики __
a Основная рубрика Образование. Педагогика
606 Тематические рубрики __
a Основная рубрика Организация образования
610 Ключевые слова __
a Ключевые слова образовательные проекты; образовательные реформы; школьные реформы; профильное обучение; платные услуги школы; образовательные стандарты; школьные советы; образовательная деятельность; философия образования
686 Индексы других классификаций __
a Классификационный индекс 74.04(2)
700 Автор _1
a Фамилия Пинский
b Имя А. А.
4 Код отношения 070
702 Вторичная интеллектуальная ответственность __
a Фамилия Фрумин
b Имя И. Д.
4 Код отношения Автор
801 Источник записи _0
a Страна RU
b Организация Муниципальное бюджетное учреждение культуры "Централизованная библиотечная система" г. Сургут (Центральная городская библиотека им. А. С. Пушкина)
g Правила каталогизации КиК/Елгина
801 Источник записи _1
a Страна RU
b Организация Муниципальное бюджетное учреждение культуры "Централизованная библиотечная система" г. Сургут (Центральная городская библиотека им. А. С. Пушкина)
g Правила каталогизации КиК/Елгина
852 Данные о местонахождении __
j Шифр хранения 74.04(2)
c Каталожный индекс 74.04
i Авторский знак П 32
901 Тип документа __
t Тип документа x
903 Характеристики (МАРС) __
a Дата передачи 20081013
969 Тип издания __
a Тип издания сборник
990 Данные о заказе (DOS) __
j Количество экземпляров (DOS) 1
t N записи в КСУ для И/У (DOS) 200810